| 000 | 01486 a2200205 4500 | ||
|---|---|---|---|
| 003 | NUST | ||
| 005 | 20230712095018.0 | ||
| 010 | _a 74010192 | ||
| 020 | _a0121323722 | ||
| 040 | _cNust | ||
| 082 | 0 | 0 | _a540,BRE |
| 100 | 1 |
_aBrescia, Frank, _9113551 |
|
| 245 | 1 | 0 |
_aFundamentals of chemistry / _cFrank Brescia, John Arents, Herbert Meislich and Amos Turk |
| 250 | _a3d ed. | ||
| 260 |
_aNew York, _bAcademic Press, _c[1975] |
||
| 300 |
_axviii, 625 p.; _billus. _c25 cm. |
||
| 505 | _aIntroduction (Page-1), Gases (Page-9), Atomic And Molecular Weights (Page-29), Chemical Equations And Chemical Arithmetic (Page-46), The First Law Thermodynamics (Page-56), Structure Of Atoms (Page-74), Chemical Periodicity (Page-103), Types Of Chemical Bonds (Page-119), Condensed States Of Matter (Page-146), Solutions (Page-166), Chemical Equilibrium (Page-193), Ionic Solutions (Page-216), Acids And Bases (Page-241), Ionic Equilibrium Calculations (Page-265), Analysis Of Ions In Solutions (Page-297), Galvanic Cells (Page-313), The Second Law Of Thermodynamics (Page-335), Molecular Orbital Theory Of Bonding (Page-359), Orbital Hybridization And Molecular Shape (Page-372), Chemical Kinetics (Page-403), The Representative Elements (Page-432), Transition Elements: Complex Ions And Molecules (Page-461), Organic Chemistry (Page-477), Radiation And Matter (Page-511), Nuclear Chemistry (Page-530), Polymers And Biochemicals (Page-550). | ||
| 650 | 0 | _aChemistry. | |
| 942 |
_2ddc _cBK _k540,BRE |
||
| 999 |
_c183369 _d183369 |
||